London office market bulletin : West End. - First quarter, second & third quarter 2000 (Record no. 100665)

MARC details
000 -LEADER
fixed length control field 00651cam a2200217 4500
001 - CONTROL NUMBER
control field J61785
008 - FIXED-LENGTH DATA ELEMENTS--GENERAL INFORMATION
fixed length control field 000000n2000 000 0 eng u
035 ## - SYSTEM CONTROL NUMBER
System control number (Sirsi) u107177
041 ## - LANGUAGE CODE
Language code of text/sound track or separate title eng
050 ## - LIBRARY OF CONGRESS CALL NUMBER
Classification number 333.33709421
110 ## - MAIN ENTRY--CORPORATE NAME
Corporate name or jurisdiction name as entry element Insignia Richard Ellis
9 (RLIN) 3847
245 ## - TITLE STATEMENT
Title London office market bulletin : West End. - First quarter, second & third quarter 2000
260 ## - PUBLICATION, DISTRIBUTION, ETC.
Place of publication, distribution, etc. London
Name of publisher, distributor, etc. Insignia Richard Ellis
Date of publication, distribution, etc. 2000
300 ## - PHYSICAL DESCRIPTION
Extent 3pt.. ; 30cm.
650 ## - SUBJECT ADDED ENTRY--TOPICAL TERM
Topical term or geographic name entry element FLOORSPACE STATISTICS
650 ## - SUBJECT ADDED ENTRY--TOPICAL TERM
Topical term or geographic name entry element LONDON
650 ## - SUBJECT ADDED ENTRY--TOPICAL TERM
Topical term or geographic name entry element OFFICES
650 ## - SUBJECT ADDED ENTRY--TOPICAL TERM
Topical term or geographic name entry element WEST END OF LONDON
690 ## - LOCAL SUBJECT ADDED ENTRY--TOPICAL TERM (OCLC, RLIN)
Topical term or geographic name as entry element PROPERTY-COMMERCIAL PROPERTY-COMMERCIAL PROPERTY MARKET
942 ## - ADDED ENTRY ELEMENTS (KOHA)
Suppress in OPAC 0
Holdings
Withdrawn status Lost status Source of classification or shelving scheme Damaged status Not for loan Home library Current library Shelving location Date acquired Total Checkouts Full call number Barcode Date last seen Copy number Price effective from Koha item type
    Dewey Decimal Classification     London London Property market reports 17/07/2000   PROPERTY MARKET REPORTS 30061785 06/08/2019 1 06/08/2019 Reference material
    Dewey Decimal Classification     London London Property market reports 08/08/2000   PROPERTY MARKET REPORTS 30062075 06/08/2019 2 06/08/2019 Reference material
    Dewey Decimal Classification     London London Property market reports 07/12/2000   PROPERTY MARKET REPORTS 30063040 06/08/2019 3 06/08/2019 Reference material